000
00235 a2200097 4500
001
41769
100
_a
Salt L E
245
_a
Oxford Junior Encyclopedia (Vol-I)
260
_a
London
_b
Oxford University Press
_c
090
_c
25881
_d
25881
942
_a
NUST-CAE
_c
M
_c
17648
999
_c
276842
_d
276842